Word Ladder: 4-1 Quiz Stats

 Plays Quiz Updated Apr 1, 2018

Challenge
Share
Tweet
Embed
Score 0/11 Timer 06:00
0 Plays Today
Clue 5-Letter Thing % Correct
First full spring monthAPRIL
99.5%
IdiotsFOOLS
55.6%
HS exam for college credit on petroleumAP OIL
33.5%
NBAer from Minnesota, for shortT-WOLF
27.7%
Survey from Roper or RasmussenA POLL
26.8%
The size above S and M is missing from the military baseAWOL L
22.3%
Descriptor of places like Walla Walla, Belleville, or Mill ValleyTWO-LL
18.9%
Commentary on Nobelist Dario's ageFO OLD
16.7%
Very hip or stylish 500, in old RomeCOOL D
14.9%
The 6th wrench on the lettered pegboardTOOL F
14%
Talk amorously aloud of the position behind 3BCOO LF
13.4%

Today's Daily Dose

You're not logged in!

Compare scores with friends on all Sporcle quizzes.
Join for Free
OR
Log In

You Might Also Like...

Show Comments

Extras

Top Quizzes Today


Score Distribution

Your Account Isn't Verified!

In order to create a playlist on Sporcle, you need to verify the email address you used during registration. Go to your Sporcle Settings to finish the process.

Report this User

Report this user for behavior that violates our Community Guidelines.

Details: